000 00711nam a22002890a 4500
001 PT55128
003 AR-LpoUNG
005 20210131231652.0
008 191001s2015||||ag |||||||||||||||||spa d
020 _a9789871846795
_c$
040 _aAR-LpoUNG
_bspa
_cAR-LpoUNG
_eaacr
041 _aspa
044 _aag
082 0 _aA861 87pud
100 1 _aOtaño Moreno, Ana
245 1 0 _aPudiera mi boca
250 _a1ra. ed.
260 _aBuenos Aires :
_bEl mono armado,
_c2015.
300 _a79 p. :
_bfot., gráfs., tbls., mapas
650 4 _aARGENTINA
650 4 _aLITERATURA
650 4 _aPOESIA
651 4 _aArgentina
653 _aLITERATURA ARGENTINA
905 _a55128
942 _cLIB
999 _c11330
_d11330